00399nam a2200157Ia 45000010006000000050017000060080041000230410008000640820017000721000055000892450039001442600009001833000033001926500008002256540008002332448220260414151046.0260414t2005||||xx |||||||||||||| ||spa|| aESP a345.7C4bR75 aRodríguez Domínguez, Elvito A. [1942-...]eAUT 0aManual de derecho procesal civilb c2005 axxx, 833 páginas :c24 cm. aDER aCDE